ბათუმის შოთა რუსთაველის სახელმწიფო უნივერსიტეტის ბიბლიოთეკა

წრფივი ალგებრისა და ანალიზური გეომეტრიის ელემენტები : დამხმ. სახელმძღვ. / (ბიბ.ჩანაწერი № 40363)

000 -ლიდერი
ფიქსირებული სიგრძის საკონტროლო ველი 01248nam a2200241Ia 4500
001 - საკონტროლო ნომერი
საკონტროლო ველი 6971
003 - საკონტროლო ნომრის იდენტიფიკატორი
საკონტროლო ველი GE_BSU
005 - ბოლო ოპერაციის თარიღი და დრო
საკონტროლო ველი 20190528145340.0
008 - ფიქსირებული სიგრძის მონაცემთა ელემენტები - ზოგადი ინფორმაცია
ფიქსირებული სიგრძის საკონტროლო ველი 181216s1984||||ge |||||||||||||| ||geo||
040 ## - კატალოგიზაციის წყარო
Transcribing agency GE_BSU
041 ## - ენის კოდი
Language code of text/sound track or separate title geo
080 ## - უნივერსალური ათობითი კლასიფიკაციის ინდექსი
Universal Decimal Classification number 512.64(075.8)+514.12(075.8) წ-81
245 ## - ცნობა სათაურის შესახებ
Title წრფივი ალგებრისა და ანალიზური გეომეტრიის ელემენტები : დამხმ. სახელმძღვ. /
Statement of responsibility, etc ს. თოფურია ; დ. გიორგაძე ; ა. კვალიაშვილი ; ნ. მაჭარაშვილი ; რედ : ე.გიორგაძე.
264 ## - წარმოების, გამოცემის, დისტრიბუციის და სხვა ცნობები
გამოცემის, წარმოების, დისტრიბუციის... ადგილი თბილისი :
გამოცემის, წარმოების, დისტრიბუციის... სახელწოდება სპი,
გამოცემის, წარმოების, დისტრიბუციის... თარიღი 1984.
300 ## - ფიზიკური აღწერა
Extent 14 7გ .:
Dimensions 20 სმ.
653 ## - INDEX TERM--UNCONTROLLED
Uncontrolled term წრფივი ალგებრისა და ანალიზური გეომეტრიის ელემენტები
700 ## - ADDED ENTRY--PERSONAL NAME
Personal name თოფურია,ს
9 (RLIN) 1414
700 ## - ADDED ENTRY--PERSONAL NAME
Personal name გიორგაძე, დ
9 (RLIN) 1715
700 ## - ADDED ENTRY--PERSONAL NAME
Personal name კვალიაშვილი, ა
9 (RLIN) 1716
700 ## - ADDED ENTRY--PERSONAL NAME
Personal name მაჭარაშვილი, ნ
9 (RLIN) 1495
700 ## - ADDED ENTRY--PERSONAL NAME
Personal name გიორგაძე, ე
Relator term რედაქტორი
9 (RLIN) 398
942 ## - ADDED ENTRY ELEMENTS (KOHA)
Koha item type წიგნი
Source of classification or shelving scheme
ეგზემპლარები
ჩამოწერის სტატუსი დაკარგული ეგზემპლარის სტატუსი კლასიფიკაციის წყარო ან თაროზე გაწყობის სქემა დაზიანების სტატუსი არ გაიცემა მუდმივი მდებარეობა (დაცვის ადგილი) ამჟამინდელი ადგილსამყოფელი თაროზე განთავსების ადგილი შეძენის თარიღი ღირებულება, შესყიდვის ნორმალური ფასი სრული შენახვის შიფრი შტრიხკოდი ბოლო ოპერაციის თარიღი ეგზემპლარის მიმდევრობითი ნომერი (კეტერი?) ფასის ძალაში შესვლის თარიღი ეგზემპლარის სახეობა საჯარო შენიშვნა
          ტექნოლოგიური ფაკულტეტის ბიბლიოთეკა ტექნოლოგიური ფაკულტეტის ბიბლიოთეკა წიგნსაცავი 2018-12-17 0.48 512.64(075.8)+514.12(075.8) წ-81 9241 2018-12-17 9241 2018-12-17 წიგნი 0.48 თ.
          ტექნოლოგიური ფაკულტეტის ბიბლიოთეკა ტექნოლოგიური ფაკულტეტის ბიბლიოთეკა წიგნსაცავი 2018-12-17 0.48 512.64(075.8)+514.12(075.8) წ-81 9242 2018-12-17 9242 2018-12-17 წიგნი 0.48 თ.
          ტექნოლოგიური ფაკულტეტის ბიბლიოთეკა ტექნოლოგიური ფაკულტეტის ბიბლიოთეკა წიგნსაცავი 2018-12-17 0.48 512.64(075.8)+514.12(075.8) წ-81 9243 2018-12-17 9243 2018-12-17 წიგნი 0.48 თ.